We built a country. (Record no. 1915)

MARC details
000 -LEADER
fixed length control field 00630cam a22002531 4500
001 - CONTROL NUMBER
control field 10272448
003 - CONTROL NUMBER IDENTIFIER
control field OSt
005 - DATE AND TIME OF LATEST TRANSACTION
control field 20230620161420.0
008 - FIXED-LENGTH DATA ELEMENTS--GENERAL INFORMATION
fixed length control field 740221s1956 xx 000 0 eng
010 ## - LIBRARY OF CONGRESS CONTROL NUMBER
LC control number 56004672
015 ## - NATIONAL BIBLIOGRAPHY NUMBER
National bibliography number GB56-5120
035 ## - SYSTEM CONTROL NUMBER
System control number (OCoLC)809431
040 ## - CATALOGING SOURCE
Original cataloging agency DLC
Transcribing agency N
Modifying agency Uk
-- DLC
042 ## - AUTHENTICATION CODE
Authentication code premarc
050 00 - LIBRARY OF CONGRESS CALL NUMBER
Classification number DT434.E2
Item number L5
082 ## - DEWEY DECIMAL CLASSIFICATION NUMBER
Classification number 325.3
Item number LIP
100 1# - MAIN ENTRY--PERSONAL NAME
Personal name Lipscomb, J. F.
245 10 - TITLE STATEMENT
Title We built a country.
260 ## - PUBLICATION, DISTRIBUTION, ETC. (IMPRINT)
Place of publication, distribution, etc. London,
Name of publisher, distributor, etc. Faber and Faber
Date of publication, distribution, etc. [1956]
300 ## - PHYSICAL DESCRIPTION
Extent 214 p.
Dimensions 23 cm.
651 #0 - SUBJECT ADDED ENTRY--GEOGRAPHIC NAME
Geographic name Kenya
General subdivision History.
906 ## - LOCAL DATA ELEMENT F, LDF (RLIN)
a 7
b cbc
c oclcrpl
d u
e ncip
f 19
g y-gencatlg
942 ## - ADDED ENTRY ELEMENTS (KOHA)
Source of classification or shelving scheme Dewey Decimal Classification
Koha item type Books
Holdings
Withdrawn status Lost status Source of classification or shelving scheme Damaged status Not for loan Home library Current library Date acquired Total Checkouts Full call number Barcode Date last seen Price effective from Koha item type
    Dewey Decimal Classification     County Hall Archives County Hall Archives 06/20/2023   325.3 LIP 10001187 06/20/2023 06/20/2023 Books
LIBRARY OPENING HOURS

When the Parliament is sitting: 8.00a.m - 7.00p.m or until the house adjourns
Mondays and Fridays and when the House is on Recess:  8.00a.m - 5.00p.m
Closed on Weekends and Public Holidays

Online Public Access Catalog (OPAC)
Website: http://www.parliament.go.ke
Bunge Library: https://libraryir.parliament.go.ke
Contact: library@parliament.go.ke | Tel no: (254-2)2221291 or 2848000 Ext 5043